00730nam a22002177a 450000500170000001000130001702000100003003500130004003700160005304000120006908200160008124500540009726000470015127000600019830000200025865000380027870000240031694200240034099900190036495201290038320170124105915.0 aA-257615 c95.00 aA-257615 bCen Lib/Ret aDPLbEN a443.8 bDIC aDictionary urdu-english /ccompiled by S. Sangaji aNew DelhibAsian Education Services c1983 bNew DelhiaC-2/15, Safdarjung Development Area e110016 a938p.c20cm(Hb) aUrdu-EnglishvDictionary 9107107 aSangaji, S.9107108 2ddccENh443.8mDIC c122744d122744 001040718REFaLbLd2015-05-29eCen Lib/Retg95.00l0o443.8 DICpA-257615r2015-05-29 00:00:00t1v95.00w2015-05-29yEN